000 03839cam a22013454i 4500
003 PE-LiUPU
005 20250813185409.0
008 17119 s2016 pe a rb 000 0 spa d
020 _a9786124276040
035 _a(Sirsi) a240026
040 _aPE-LiUPU
_bspa
_cPE-LiUPU
_erda
041 1 _aspa
_heng
049 _aPRUA
082 0 4 _a305.55
_bP43
_221
100 1 _aPereyra Cáceres, Omar,
_eautor.
245 1 0 _aSan Felipe :
_bgrupos de clase media se encuentran /
_cOmar Pereyra.
250 _aPrimera edición.
264 1 _aLima :
_bInstituto de Estudios Peruanos,
_c2016
_e (Lima :
_fTarea Asociación Gráfica Educativa).
300 _a223 páginas :
_bilustraciones ;
_c21 centímetros
336 _atext
_2rdacontent
337 _aunmediated
_2rdamedia
338 _avolume
_2rdacarrier
490 0 _aInstituto de Estudios Peruanos ;
_v50
504 _aBibliografía: páginas 207-223.
505 0 _aAcercándose a la clase media latinomericana -- San Felipe y la transformación del espacio social urbano -- Trayectorias: sanfelipanos se encuentran -- Fronteras; sanfelipanosa evalúan a sus vecinos -- Controlando el espacio compartido: poder local en acción -- Grupos de clase media y generaciones -- Una nota sobre reflexividad en esta investigación -- Ocupaciones de los entrevistados.
526 _aP202
526 _aP201
526 _aP163
526 _aP162
526 _aP161
526 _aP160
526 _aP148
526 _aP147
526 _aP146
526 _aP145
526 _aP144
526 _aP143
526 _aP142
526 _aP141
526 _aP140
526 _aP139
526 _aP138
526 _aP137
526 _aP136
526 _aP135
526 _aP134
526 _aP133
526 _aP129
526 _aP128
526 _aP127
526 _aP120
526 _aP119
526 _aP118
526 _aP116
526 _aP115
526 _aP114
526 _aP110
526 _aP109
526 _aP108
526 _aP104
526 _aP103
526 _aP102
526 _aP99
526 _aP98
526 _aP97
526 _aP96
526 _aP95
526 _aP93
526 _aP90
526 _aP89
526 _aP88
526 _aP83
526 _aP82
526 _aP62
526 _aP59
526 _aP58
526 _aP57
526 _aP51
526 _aP49
526 _aP48
526 _aP47
526 _aP29
526 _aP24
526 _aP20
526 _aP19
526 _aP17
526 _aP15
526 _aP14
526 _aP12
526 _aP10
526 _aP09
526 _aP08
526 _aP07
526 _aP06
526 _aP05
526 _aP04
526 _aP01
526 8 _iPrograma académico :
_5PE-LiUPU
534 _pTítulo Original :
_tContemporary middle class : a study of San Felipe.
541 _gF029-798;
650 1 8 _aClase media
_z-Perú
_z-Lima
_x-Aspectos sociológicos.
650 2 8 _aMiddle class
_z-Peru
_z-Lima
_x-Sociological aspects.
650 2 8 _aBarrios residenciales
_z-Perú
_z-Lima.
650 2 8 _aResidential neighborhoods
_z-Peru
_z-Lima.
650 2 8 _aMovilidad social
_z-Perú
_z-Lima.
650 2 8 _aSocial mobility
_z-Peru
_z-Lima.
650 2 8 _aCambio social
_z-Perú.
650 2 8 _aSocial change
_z-Peru.
910 _adbm
_bjpc
_cjpc
_d2017119
710 2 _aInstituto de Estudios Peruanos (Lima)
942 _2ddc
_cBOOK
994 _aC0
_bPEPRU
596 _a1
999 _a305.55 P43
_wDEWEY
_c25688
_i76990
_f2021-11-9
_g5
_lCCODEBUL1
_mBUL
_p13.00
_r0
_sY
_tBOOK
_u2017-11-9
_xINGENIERIA
_PP06
_0COMPRA
_o.STAFF. Colección Ingeniería y Arquitectura
_d25688
980 _81
_gALBERTO SANCHEZ Responsable de Automatización